[Event "Team XLink Internal Tournament #3"]
[Site "SchemingMind.com"]
[Date "2007.08.31"]
[Round "-"]
[White "Abstract Actuary"]
[Black "Lee Shuck"]
[Result "1-0"]
[WhiteCountry "USA"]
[BlackCountry "ENG"]
[WhiteElo "1797"]
[WhiteRD "81"]
[BlackElo "1537"]
[BlackRD "68"]
[GameID "118081"]

1. e4 e5 2. Bc4 Bc5 3. Qh5 Qf6 4. Nf3 Nc6 5. d4 Nxd4 6. Nxe5 Nxc2+ 7. Kd1 d6 8. Bxf7+ Kf8 9. Ng6+ hxg6 10. Qxh8 Qxf7
11. Kxc2 Qxf2+ 12. Nd2 Qxg2 13. Rf1+ Bf2 14. b3 Be6 15. Bb2 Ke7 16. Qxg7+ Bf7 17. Rae1 Qxh2 18. Re2
1-0

[Event "Team XLink Internal Tournament #3"]
[Site "SchemingMind.com"]
[Date "2007.08.31"]
[Round "-"]
[White "Lee Shuck"]
[Black "Abstract Actuary"]
[Result "0-1"]
[WhiteCountry "ENG"]
[BlackCountry "USA"]
[WhiteElo "1477"]
[WhiteRD "65"]
[BlackElo "1786"]
[BlackRD "82"]
[GameID "118082"]

1. e4 e5 2. Nf3 Nf6 3. Nxe5 d6 4. Nf3 Nxe4 5. d4 d5 6. Bd3 Bd6 7. O-O O-O 8. Re1 Re8 9. c4 c6 10. Nc3 Nxc3
11. bxc3 Bg4 12. Re3 Bf4 13. Rxe8+ Qxe8 14. Bxf4 Nd7 15. c5 Nf6 16. Qe2 Qd7 17. h3 Re8 18. Be5 Bxh3 19. gxh3 Qxh3 20. Ng5 Qh4
21. Qf3 Qxg5+ 22. Bg3 h5 23. Qf4 Qxf4 24. Bxf4 b5 25. cxb6 axb6 26. a4 Ne4 27. Bxe4 dxe4 28. Re1 f6 29. c4 g5 30. Bc7 c5
31. Bxb6 cxd4 32. Bxd4 f5 33. Kg2 Ra8 34. Ra1 Kf7 35. c5 Ra6 36. a5 Ke6 37. f3 exf3+ 38. Kxf3 Kd5 39. Ke3 f4+ 40. Kd3 g4
41. Ra4 h4
0-1

[Event "Team XLink Internal Tournament #3"]
[Site "SchemingMind.com"]
[Date "2007.08.31"]
[Round "-"]
[White "Wolli"]
[Black "Lee Shuck"]
[Result "1-0"]
[WhiteCountry "GER"]
[BlackCountry "ENG"]
[WhiteElo "1831"]
[WhiteRD "71"]
[BlackElo "1477"]
[BlackRD "65"]
[GameID "118085"]

1. d4 d5 2. c4 e6 3. Nc3 Nf6 4. Bg5 Nbd7 5. e3 c6 6. Nf3 Qa5 7. Nd2 Bb4 8. Qc2 Nb6 9. Bxf6 gxf6 10. Nb3 Qa4
11. c5 Bxc3+ 12. Qxc3 Nc4 13. Bxc4 dxc4 14. Nd2 Rg8 15. O-O b6 16. cxb6 Ba6 17. bxa7 Rxa7 18. Rfc1 Rb7 19. Nxc4 Bxc4 20. Qxc4 Qxc4
21. Rxc4 Rb6 22. b3 Kd7 23. f3 e5 24. dxe5 fxe5 25. Rd1+ Ke6 26. Kf2 f5 27. Rdc1 Rc8 28. Rh4 Rc7 29. Rh6+ Kd5 30. Ke2 Ra6
31. a4 e4 32. f4 Rb6 33. Rc3 Rcb7 34. b4 c5 35. Rxc5#
1-0

[Event "Team XLink Internal Tournament #3"]
[Site "SchemingMind.com"]
[Date "2007.08.26"]
[Round "-"]
[White "Wolli"]
[Black "Abstract Actuary"]
[Result "0-1"]
[WhiteCountry "GER"]
[BlackCountry "USA"]
[WhiteElo "1852"]
[WhiteRD "71"]
[BlackElo "1799"]
[BlackRD "79"]
[GameID "118086"]

1. d4 Nf6 2. c4 e6 3. Nc3 Bb4 4. Qc2 c5 5. dxc5 Bxc5 6. Nf3 O-O 7. Bf4 Nc6 8. e3 b6 9. Bd3 h6 10. O-O Bb7
11. a3 a5 12. Nb5 Nh5 13. Bd6 Bxd6 14. Nxd6 Ba6 15. Nd4 Nxd4 16. exd4 Qc7 17. c5 Bxd3 18. Qxd3 bxc5 19. dxc5 Qxc5 20. Rfd1 Nf4
21. Qe4 Nd5 22. Nf5 Nf6 23. Nxh6+ gxh6 24. Qf3 Qg5 25. Rd4 Kh7 26. Rf4 Kg7 27. h4 Qg6 28. h5 Qg5 29. Rd1 e5 30. Rxf6 Qxf6
31. Qg4+ Kh7 32. Rd3 Rg8
0-1

[Event "Team XLink Internal Tournament #3"]
[Site "SchemingMind.com"]
[Date "2007.08.31"]
[Round "-"]
[White "Lee Shuck"]
[Black "Wolli"]
[Result "0-1"]
[WhiteCountry "ENG"]
[BlackCountry "GER"]
[WhiteElo "1477"]
[WhiteRD "65"]
[BlackElo "1831"]
[BlackRD "71"]
[GameID "118087"]

1. e4 d6 2. d4 Nf6 3. Nc3 g6 4. Nf3 Bg7 5. Be2 O-O 6. O-O Bg4 7. Be3 Nc6 8. d5 Nb8 9. h3 Bxf3 10. Bxf3 c6
11. a4 cxd5 12. exd5 Nbd7 13. Re1 Nb6 14. Qe2 Nfd7 15. b3 Bxc3 16. Red1 Bxa1 17. Rxa1 Nf6 18. g4 Nbxd5 19. Bd4 e5 20. Bxd5 Nxd5
21. c4 Nf4 22. Qe3 Nxh3+ 23. Qxh3 exd4 24. Rd1 Qb6 25. Re1 Rfe8 26. Rd1 Re4 27. Qf3 Rae8 28. g5 Re1+ 29. Kh2 Qc6 30. Rxe1 Qxf3
31. Rxe8+ Kg7 32. Kg1 Qxb3 33. Kf1 Qxc4+ 34. Ke1 Qb4+
0-1

[Event "Team XLink Internal Tournament #3"]
[Site "SchemingMind.com"]
[Date "2007.08.26"]
[Round "-"]
[White "Abstract Actuary"]
[Black "Wolli"]
[Result "0-1"]
[WhiteCountry "USA"]
[BlackCountry "GER"]
[WhiteElo "1799"]
[WhiteRD "79"]
[BlackElo "1852"]
[BlackRD "71"]
[GameID "118088"]

1. e4 e6 2. d4 d5 3. exd5 exd5 4. c4 Nf6 5. a3 Be7 6. Nc3 O-O 7. Bd3 Be6 8. b3 dxc4 9. Bxc4 Bxc4 10. bxc4 c5
11. d5 Nbd7 12. d6 Qa5 13. dxe7 Qxc3+ 14. Bd2 Qe5+ 15. Ne2 Qxe7 16. O-O Rfe8 17. Re1 Ne5 18. Nc3 Qd8 19. Bg5 Qxd1 20. Raxd1 Nxc4
21. Bxf6 Rxe1+ 22. Rxe1 gxf6 23. a4 Kf8 24. Rc1 Re8 25. f3 b6 26. Nd5 Nb2 27. Nxf6 Rd8 28. Nxh7+ Kg7 29. Ng5 Nxa4 30. Ra1 b5
31. Ne4 c4 32. Kf2 c3 33. Nxc3 Nxc3 34. Rxa7 b4 35. Rb7 Rd2+ 36. Kf1 Rb2 37. h4 Rb1+ 38. Kf2 b3 39. Ke3 b2 40. Kd2 Nd1
41. g4 Ra1 42. Kc2 Rc1+
0-1

[Event "Team XLink Internal Tournament #3"]
[Site "SchemingMind.com"]
[Date "2007.09.01"]
[Round "-"]
[White "jtrochez1"]
[Black "Lee Shuck"]
[Result "1-0"]
[WhiteCountry "HON"]
[BlackCountry "ENG"]
[WhiteElo "1511"]
[WhiteRD "50"]
[BlackElo "1477"]
[BlackRD "65"]
[GameID "118186"]

1. e4 e5 2. Nf3 Nc6 3. Bb5 a6 4. Bxc6 dxc6 5. d4 exd4 6. Qxd4 Qxd4 7. Nxd4 Bc5 8. Be3 Nf6 9. f3 O-O 10. c3 Re8
11. Nd2 Bxd4 12. Bxd4 Bf5 13. O-O-O Bg6 14. Bxf6 gxf6 15. h4 h5 16. Rde1 f5 17. exf5 Bxf5 18. Kd1 Rad8 19. Rxe8+ Rxe8 20. Re1 Rxe1+
21. Kxe1 b5 22. b4 Be6 23. a3 f5 24. f4 Bd5 25. Kf2 Kf7 26. g3 Ke7 27. Ke3 Kd6 28. Kd4 c5+ 29. bxc5+ Kc6 30. c4 bxc4
31. Nxc4 Bxc4 32. Kxc4 a5 33. a4 Kd7 34. Kd5 Ke7 35. Kc6 Kd8 36. Kb5 Kd7 37. c6+ Kd6 38. Kxa5 Kxc6 39. Kb4 Kb6 40. a5+ Ka6
41. Kc5 Kxa5 42. Kc6 Kb4 43. Kxc7 Kc4 44. Kd6 Kd4 45. Ke6 Ke4 46. Kf6 Kf3 47. Kxf5 Kxg3= 48. Kg5 Kf3 49. Kxh5 Kxf4 50. Kg6
1-0

[Event "Team XLink Internal Tournament #3"]
[Site "SchemingMind.com"]
[Date "2007.08.27"]
[Round "-"]
[White "jtrochez1"]
[Black "Wolli"]
[Result "0-1"]
[WhiteCountry "HON"]
[BlackCountry "GER"]
[WhiteElo "1500"]
[WhiteRD "47"]
[BlackElo "1852"]
[BlackRD "71"]
[GameID "118187"]

1. e4 e6 2. d4 d5 3. e5 c5 4. c3 Nc6 5. Bb5 Qb6 6. Bxc6+ bxc6 7. Nf3 Ne7 8. O-O Ba6 9. Re1 Nf5 10. b3 cxd4
11. cxd4 Bb4 12. Bd2 Nxd4 13. Nc3 O-O 14. Na4 Nxf3+ 15. gxf3 Qa5 16. Bxb4 Qxb4 17. a3 Qf4 18. Nc5 Qg5+ 19. Kh1 Bc8 20. Nd3 a5
21. Rg1 Qe7 22. f4 Ba6 23. Qg4 g6 24. Ne1 c5 25. Nf3 Be2 26. Qh3 Bxf3+ 27. Qxf3 a4 28. bxa4 Rxa4 29. Rg3 f6 30. Qh5 Rxf4
31. Rag1 Rf7 32. f3 Rg7 33. Qh3 fxe5 34. Qf1 Qa7 35. Qa1 d4 36. Rb1 c4 37. Rg4 Rxf3 38. Rb4 Rxa3 39. Rb8+ Qxb8 40. Qxa3 Qb1+
41. Kg2 Rf7 42. Qa8+ Kg7
0-1

[Event "Team XLink Internal Tournament #3"]
[Site "SchemingMind.com"]
[Date "2007.08.27"]
[Round "-"]
[White "jtrochez1"]
[Black "Abstract Actuary"]
[Result "0-1"]
[WhiteCountry "HON"]
[BlackCountry "USA"]
[WhiteElo "1522"]
[WhiteRD "48"]
[BlackElo "1826"]
[BlackRD "79"]
[GameID "118188"]

1. e4 e5 2. Nf3 Nf6 3. d3 Nc6 4. Nc3 Bc5 5. h3 h6 6. a3 d6 7. Be2 O-O 8. Nd5 Be6 9. c4 Nd4 10. b4 Nxe2
11. Qxe2 Bd4 12. Nxd4 exd4 13. f4 Re8 14. O-O Nxd5 15. cxd5 Bxd5 16. Qg4 Bc6 17. Bb2 Qf6 18. e5 dxe5 19. fxe5 Qxe5 20. Bxd4 Qg5
21. Rf4 Qxg4 22. Rxg4 g5 23. h4 f5 24. Rg3 f4 25. Rh3 g4 26. Rh1 Rad8 27. Bxa7 b6 28. Bxb6 cxb6 29. Rd1 Re2 30. Rh2 g3
31. Kf1 Rde8 32. Rh1 Bxg2+ 33. Kg1 Bxh1 34. Kxh1 Re1+ 35. Rxe1 Rxe1+ 36. Kg2 Re2+ 37. Kf3 g2
0-1

[Event "Team XLink Internal Tournament #3"]
[Site "SchemingMind.com"]
[Date "2007.09.01"]
[Round "-"]
[White "Lee Shuck"]
[Black "jtrochez1"]
[Result "0-1"]
[WhiteCountry "ENG"]
[BlackCountry "HON"]
[WhiteElo "1477"]
[WhiteRD "65"]
[BlackElo "1511"]
[BlackRD "50"]
[GameID "118189"]

1. e4 e5 2. Nf3 d6 3. d4 exd4 4. Nxd4 Nf6 5. Nc3 Be7 6. Bc4 O-O 7. O-O c6 8. Re1 Nxe4 9. Nxe4 d5 10. Bd3 dxe4
11. Rxe4 Bf6 12. Be3 c5 13. Nb3 b6 14. c3 Bb7 15. Rf4 Nd7 16. Bf5 Ne5 17. Qxd8 Raxd8 18. Nd2 Nd3 19. Ra4 Ra8 20. Ne4 Bxe4
21. Rxe4 Nxb2 22. Re1 Bxc3 23. Rc1 Bf6 24. Re1 Rad8 25. Bc1 Rd1 26. Bxb2 Rxe1+ 27. Rxe1 Bxb2 28. Bd7 Rd8 29. Re8+ Rxe8 30. Bxe8 f6
31. Kf1 c4 32. Bh5 b5 33. Ke2 a5 34. Kd2 b4 35. Kc2 Bd4 36. f4 g6 37. Be2 c3 38. g4 h6 39. h4 Kg7 40. Bd3 a4
41. Bc4 Kf8 42. Kd3 Bb6 43. Kc2= Ke7 44. g5 hxg5 45. fxg5 f5 46. Kd3 Bf2 47. h5 gxh5
0-1

[Event "Team XLink Internal Tournament #3"]
[Site "SchemingMind.com"]
[Date "2007.08.28"]
[Round "-"]
[White "Wolli"]
[Black "jtrochez1"]
[Result "1-0"]
[WhiteCountry "GER"]
[BlackCountry "HON"]
[WhiteElo "1852"]
[WhiteRD "71"]
[BlackElo "1500"]
[BlackRD "47"]
[GameID "118190"]

1. d4 d5 2. c4 e6 3. Nc3 c6 4. Nf3 Nf6 5. Bg5 Be7 6. e3 Nfd7 7. Bxe7 Qxe7 8. Bd3 O-O 9. O-O b6 10. a3 h6
11. b4 Kh8 12. cxd5 cxd5 13. Rc1 Ba6 14. Bxa6 Nxa6 15. Nb5 Rac8 16. Nxa7 Rxc1 17. Qxc1 Qf6 18. Qc6 Nab8 19. Qc7 Qd8 20. Qxd8 Rxd8
21. Rc1 Re8 22. Nc6 Nxc6 23. Rxc6 Ra8 24. Rc7 Rxa3 25. h3 Nf6 26. Ne5 Ne8 27. Rc8 Rb3 28. Rxe8+ Kh7 29. Nc6 Rb1+ 30. Kh2 Rf1
31. Kg3 Rb1 32. Rb8 Rc1 33. b5
1-0

[Event "Team XLink Internal Tournament #3"]
[Site "SchemingMind.com"]
[Date "2007.08.28"]
[Round "-"]
[White "Abstract Actuary"]
[Black "jtrochez1"]
[Result "1-0"]
[WhiteCountry "USA"]
[BlackCountry "HON"]
[WhiteElo "1826"]
[WhiteRD "79"]
[BlackElo "1522"]
[BlackRD "48"]
[GameID "118191"]

1. e4 e5 2. Bc4 d6 3. Nf3 Bg4 4. h3 Bh5 5. O-O Nc6 6. c3 Bxf3 7. Qxf3 Nf6 8. Rd1 Na5 9. Bb5+ Nc6 10. d4 Nd7
11. d5 Ne7 12. Be3 a6 13. Ba4 b5 14. Bc2 Ng6 15. Nd2 Be7 16. Nb3 Bf6 17. Na5 Ne7 18. b3 O-O 19. c4 bxc4 20. bxc4 Qc8
21. Rab1 c6 22. Ba4 c5 23. Rb7 Rd8 24. Rdb1 Nb8 25. Qg3 Rd7 26. Bxd7 Nxd7 27. Qg4 Nf8 28. Qxc8 Rxc8 29. Ra7 h6 30. Rxa6 Kh7
31. Nc6 Nxc6 32. dxc6 Ne6 33. Rb7 Kg8 34. a4 Nd8 35. Rbb6 Ne6 36. Bd2 Nd8 37. Ba5 Ne6 38. Rb7 Ng5 39. f3 Ne6 40. c7 Nxc7
41. Bxc7
1-0

[Event "Team XLink Internal Tournament #3"]
[Site "SchemingMind.com"]
[Date "2007.08.29"]
[Round "-"]
[White "AlanM"]
[Black "jtrochez1"]
[Result "0-1"]
[WhiteCountry "ENG"]
[BlackCountry "HON"]
[WhiteElo "1357"]
[WhiteRD "103"]
[BlackElo "1500"]
[BlackRD "47"]
[GameID "118459"]

1. d4 d5 2. g3 Nc6 3. Bg2 e6 4. Nf3 h6 5. O-O Nf6 6. Nc3 a6 7. a3 Bd7 8. Na4 Bd6 9. Qd2 Ne4 10. Qd3 O-O
11. c4 Qf6 12. c5 Be7 13. Bf4 Bd8 14. Ne5 Nxe5 15. Qc2 Nc6 16. e3 Na5 17. f3 Ng5 18. Be5 Qe7 19. h4 Nh7 20. b4 Nc6
21. Kf2 f6 22. Bf4 e5 23. Bxh6 gxh6 24. Nc3 Be6 25. e4 Nxd4 26. Qd3 c6 27. a4 f5 28. Qd2 fxe4 29. Rfe1 Qf6 30. Re3 Nb3
31. Qd1 Nxa1 32. Qxa1 d4 33. Nxe4 dxe3+ 34. Kxe3 Qg7 35. Nd6 Qxg3 36. Qf1 Qf4+
0-1

[Event "Team XLink Internal Tournament #3"]
[Site "SchemingMind.com"]
[Date "2007.09.02"]
[Round "-"]
[White "AlanM"]
[Black "Lee Shuck"]
[Result "0-1"]
[WhiteCountry "ENG"]
[BlackCountry "ENG"]
[WhiteElo "1337"]
[WhiteRD "100"]
[BlackElo "1477"]
[BlackRD "65"]
[GameID "118460"]

1. b3 e5 2. Bb2 Nc6 3. e3 d5 4. h3 d4 5. e4 f5 6. Bc4 fxe4 7. f3 Qh4+ 8. Ke2 Bf5 9. d3 exd3+ 10. cxd3 O-O-O
11. Kd2 Qf2+ 12. Ne2 Nb4 13. g4 Qe3+ 14. Ke1 Bxd3 15. Rh2 Bxc4 16. bxc4 Nd3+ 17. Kf1 Qxf3+ 18. Kg1 Nxb2 19. Qf1 Qxf1+ 20. Kxf1 Nxc4
21. Ke1 Bb4+ 22. Kf1 Ne3+ 23. Kf2 Ne7 24. a3 Rhf8+ 25. Kg3 Be1+ 26. Rf2 Rxf2 27. Kh4 Rf5+ 28. Ng3 Ng2#
0-1

[Event "Team XLink Internal Tournament #3"]
[Site "SchemingMind.com"]
[Date "2007.08.29"]
[Round "-"]
[White "AlanM"]
[Black "Wolli"]
[Result "0-1"]
[WhiteCountry "ENG"]
[BlackCountry "GER"]
[WhiteElo "1337"]
[WhiteRD "100"]
[BlackElo "1831"]
[BlackRD "71"]
[GameID "118461"]

1. Nf3 Nf6 2. Nc3 e6 3. a4 d5 4. a5 a6 5. d4 Bb4 6. e3 c6 7. Bd2 Bxa5 8. h4 O-O 9. b4 Bxb4 10. Na4 Be7
11. Bd3 Nbd7 12. Qb1 b5 13. Nb2 Bb7 14. c3 a5 15. c4 dxc4 16. Bxc4 bxc4 17. Bc3 Bb4 18. O-O Bxc3 19. Nxc4 Bxa1 20. Qxa1 a4
21. Qa3 Nd5 22. e4 N5f6 23. Nd6 Ba6 24. Rb1 Bd3 25. Ng5 Be2 26. Qe3 Bh5 27. e5 Nd5 28. Qe4 Bg6 29. Qf3 Bxb1 30. Ndxf7 Qe7
31. Qh5 Rxf7 32. Qxh7+ Bxh7
0-1

[Event "Team XLink Internal Tournament #3"]
[Site "SchemingMind.com"]
[Date "2007.08.29"]
[Round "-"]
[White "AlanM"]
[Black "Abstract Actuary"]
[Result "0-1"]
[WhiteCountry "ENG"]
[BlackCountry "USA"]
[WhiteElo "1312"]
[WhiteRD "132"]
[BlackElo "1826"]
[BlackRD "79"]
[GameID "118462"]

1. e4 e5 2. Nc3 Nf6 3. Nf3 Nc6 4. b3 Bb4 5. Nd5 Nxe4 6. Bc4 d6 7. O-O O-O 8. Qe2 Nf6 9. d3 Bg4 10. Bg5 Nd4
11. Nxf6+ gxf6 12. h3 Nxe2+ 13. Kh2 Bxf3 14. gxf3 fxg5 15. a3 Bd2 16. d4 Nxd4 17. Rad1 Bf4+ 18. Kh1 Nxf3 19. Rd3 g4 20. hxg4 Qh4+
21. Kg2 e4 22. Rh1 Qxg4+ 23. Kf1 exd3 24. Bxd3 Rfe8 25. Be2 Nd2+ 26. Ke1 Qxe2#
0-1

[Event "Team XLink Internal Tournament #3"]
[Site "SchemingMind.com"]
[Date "2007.08.29"]
[Round "-"]
[White "jtrochez1"]
[Black "AlanM"]
[Result "1-0"]
[WhiteCountry "HON"]
[BlackCountry "ENG"]
[WhiteElo "1524"]
[WhiteRD "49"]
[BlackElo "1281"]
[BlackRD "126"]
[GameID "118463"]

1. e4 e6 2. d4 Nf6 3. Nc3 Ng4 4. Qxg4 h6 5. e5 g5 6. Bd3 c6 7. Bd2 d5 8. Nf3 Be7 9. h4 h5 10. Qg3 Nd7
11. O-O-O g4 12. Ng5 Rf8 13. Qf4 Nb6 14. Nxf7 Rxf7 15. Bg6 Nc4 16. Bxf7+ Kd7 17. Qh6 Ba3 18. bxa3 Qa5 19. Qxe6+ Kc7 20. Qe7+ Kb6
21. Nxd5+ cxd5 22. Bxa5+ Nxa5 23. Qd8+ Kb5 24. Qxd5+ Kb6 25. a4 a6 26. Qc5#
1-0

[Event "Team XLink Internal Tournament #3"]
[Site "SchemingMind.com"]
[Date "2007.09.02"]
[Round "-"]
[White "Lee Shuck"]
[Black "AlanM"]
[Result "1-0"]
[WhiteCountry "ENG"]
[BlackCountry "ENG"]
[WhiteElo "1477"]
[WhiteRD "65"]
[BlackElo "1337"]
[BlackRD "100"]
[GameID "118464"]

1. e4 d5 2. exd5 Qxd5 3. Nc3 Qc5 4. d4 Qf5 5. Qf3 Qe6+ 6. Be3 c6 7. O-O-O Nh6 8. d5 cxd5 9. Nxd5 Bd7 10. Nc7+ Kd8
11. Nxe6+ fxe6 12. Bb5 Nc6 13. Bxc6 Nf5 14. Bxd7 Nd6 15. Bxe6 g6 16. c4 b6 17. Qxa8+ Kc7 18. Qxa7+ Kc6 19. Qd7#
1-0

[Event "Team XLink Internal Tournament #3"]
[Site "SchemingMind.com"]
[Date "2007.08.29"]
[Round "-"]
[White "Wolli"]
[Black "AlanM"]
[Result "1-0"]
[WhiteCountry "GER"]
[BlackCountry "ENG"]
[WhiteElo "1827"]
[WhiteRD "73"]
[BlackElo "1369"]
[BlackRD "102"]
[GameID "118465"]

1. d4 g6 2. c4 Bg7 3. Nc3 b6 4. e4 Nc6 5. f3 Nxd4 6. Nge2 c5 7. Be3 Nc6 8. Bd2 Ba6 9. b3 e6 10. Nd4 cxd4
11. Ne2 Be5 12. f4 Bd6 13. g3 Bb5 14. cxb5 Nce7 15. Nxd4 e5 16. Nf3 f5 17. fxe5 fxe4 18. exd6 Nd5 19. Bg5 Qc8 20. Qxd5 exf3
21. Qe5+ Kf7 22. Bc4+ Kf8 23. O-O Qc5+ 24. Qxc5 bxc5 25. Rxf3+ Kg7 26. Rf7#
1-0

[Event "Team XLink Internal Tournament #3"]
[Site "SchemingMind.com"]
[Date "2007.08.29"]
[Round "-"]
[White "Abstract Actuary"]
[Black "AlanM"]
[Result "1-0"]
[WhiteCountry "USA"]
[BlackCountry "ENG"]
[WhiteElo "1826"]
[WhiteRD "79"]
[BlackElo "1312"]
[BlackRD "132"]
[GameID "118466"]

1. e4 Nf6 2. e5 Nd5 3. d4 h5 4. c4 Nb4 5. a3 c6 6. axb4 Na6 7. Bd2 e6 8. Qb3 c5 9. bxc5 Bxc5 10. dxc5 Nxc5
11. Qf3 Qb6 12. b4 Na6 13. b5 Nc7 14. Ba5 Qc5 15. Nc3 g5 16. Ne4 g4 17. Nxc5 gxf3 18. Bxc7 b6 19. Ne4 Bb7 20. Nd6+ Ke7
21. Nxb7 Kf8 22. Nxf3 Kg7 23. O-O-O a5 24. Rxd7 a4 25. Kb2 a3+ 26. Ka2 Ra4 27. Nd6 Rf8 28. Ng5 Kg6 29. Ngxf7 Rfa8 30. Bxb6 Rb4
31. Bd4 h4 32. Bd3+ Kh5 33. g4+ Kxg4 34. Nh6+ Kf3 35. Rf7+ Kg2 36. Be4+ Kh3 37. Rf3+ Kg2 38. Rb3#
1-0

[Event "Team XLink Internal Tournament #3"]
[Site "SchemingMind.com"]
[Date "2007.09.09"]
[Round "-"]
[White "Chess_Man01"]
[Black "jtrochez1"]
[Result "1-0"]
[WhiteCountry "GBR"]
[BlackCountry "HON"]
[WhiteElo "1999"]
[WhiteRD "102"]
[BlackElo "1524"]
[BlackRD "49"]
[GameID "119938"]

1. e4 Nc6 2. Nf3 d6 3. d4 e6 4. Nc3 d5 5. exd5 exd5 6. Be2 Bb4 7. O-O Bxc3 8. bxc3 h6 9. Re1 Nge7 10. Bd3 O-O
11. Rb1 b6 12. Ba3 Re8 13. Qd2 Nf5 14. Rxe8+ Qxe8 15. Qf4 Qd7 16. Re1 a6 17. Qxf5 Qxf5 18. Re8+ Kh7 19. Bxf5+ g6 20. Rxc8 Rxc8
21. Bxc8 a5 22. Ne5 Nxe5 23. dxe5 Kg7 24. Be7 b5 25. Bb7 g5 26. Bxd5
1-0

[Event "Team XLink Internal Tournament #3"]
[Site "SchemingMind.com"]
[Date "2007.09.13"]
[Round "-"]
[White "Chess_Man01"]
[Black "Lee Shuck"]
[Result "1-0"]
[WhiteCountry "GBR"]
[BlackCountry "ENG"]
[WhiteElo "2169"]
[WhiteRD "73"]
[BlackElo "1477"]
[BlackRD "65"]
[GameID "119939"]

1. e4 e5 2. Nf3 Nc6 3. Bb5 Nd4 4. Nxd4 exd4 5. d3 c6 6. Ba4 d5 7. exd5 Qxd5 8. O-O Bd7 9. Re1+ Be7 10. Bb3 Qa5
11. Nd2 Nf6 12. Nc4 Qh5 13. Qxh5 Nxh5 14. Nd6+ Kf8 15. Nxf7 Rg8 16. Ne5 Rh8 17. Nxd7+ Ke8 18. Ne5 Rf8 19. Nc4 Rd8 20. Bg5 Rf5
21. Bxe7 Rd7 22. Nd6+ Rxd6 23. Bxd6+ Kd7 24. Bg3 Rb5 25. Re2 Nxg3 26. fxg3
1-0

[Event "Team XLink Internal Tournament #3"]
[Site "SchemingMind.com"]
[Date "2007.09.13"]
[Round "-"]
[White "Chess_Man01"]
[Black "Wolli"]
[Result "1-0"]
[WhiteCountry "GBR"]
[BlackCountry "GER"]
[WhiteElo "2063"]
[WhiteRD "89"]
[BlackElo "1852"]
[BlackRD "71"]
[GameID "119940"]

1. e4 d6 2. d4 Nf6 3. Nc3 g6 4. f4 Bg7 5. Nf3 O-O 6. Bd3 Na6 7. O-O c5 8. d5 Bg4 9. a3 Nc7 10. Qe1 Bxf3
11. Rxf3 e6 12. dxe6 Nxe6 13. Rb1 Nd4 14. Rh3 c4 15. Bxc4 Qc8 16. Qf1 Nxc2 17. Qd3 Qc5+ 18. Kf1 Ng4 19. Nd1 Rac8 20. Bd5 Rc7
21. b4 Qb6 22. b5 Rfc8 23. Bd2 a6 24. a4 a5 25. Qe2 Nf6 26. Ba2 Re7 27. Nf2 Rce8 28. Qd3 Nd4 29. Be3 Nxe4 30. Nxe4 Rxe4
31. Bd5 R4e7 32. Rc1 Rc7 33. Rc4 Rxc4 34. Qxc4 Rf8 35. Bf2 Qc5 36. Qxc5 dxc5 37. Bxb7 c4 38. Bd5 Rc8 39. b6
1-0

[Event "Team XLink Internal Tournament #3"]
[Site "SchemingMind.com"]
[Date "2007.09.09"]
[Round "-"]
[White "Chess_Man01"]
[Black "AlanM"]
[Result "1-0"]
[WhiteCountry "GBR"]
[BlackCountry "ENG"]
[WhiteElo "1999"]
[WhiteRD "102"]
[BlackElo "1281"]
[BlackRD "126"]
[GameID "119941"]

1. e4 b6 2. d4 g6 3. b3 Bb7 4. Nf3 Bg7 5. Nbd2 Bh6 6. Bd3 d6 7. Bb2 Bg7 8. c4 Nc6 9. d5 Nb4 10. Bxg7 Nxd3+
11. Kf1 e5 12. Bxh8 f6 13. Nh4 Nh6 14. Bg7 f5 15. Nxf5 Ng4 16. Qxg4 gxf5 17. Qh5+ Kd7 18. Qxf5+ Ke7 19. Qe6#
1-0

[Event "Team XLink Internal Tournament #3"]
[Site "SchemingMind.com"]
[Date "2007.09.09"]
[Round "-"]
[White "Chess_Man01"]
[Black "Abstract Actuary"]
[Result "1-0"]
[WhiteCountry "GBR"]
[BlackCountry "USA"]
[WhiteElo "1999"]
[WhiteRD "102"]
[BlackElo "1787"]
[BlackRD "81"]
[GameID "119942"]

1. e4 e5 2. Nf3 Nf6 3. Nxe5 d6 4. Nf3 Nxe4 5. d4 d5 6. Bd3 Bd6 7. Nbd2 Bf5 8. c4 c6 9. Qb3 Nxd2 10. Bxd2 Bxd3
11. Qxd3 O-O 12. O-O dxc4 13. Qxc4 Nd7 14. Rfe1 h6 15. Bb4 Nb6 16. Qb3 Nd5 17. Bxd6 Qxd6 18. Re4 Rfe8 19. Qxb7 Reb8 20. Qa6 Rxb2
21. Rae1 Kh7 22. Qd3 g6 23. Qa6 Kg7 24. Ne5 Rb6 25. Qd3 Nb4 26. Qd2 Qd5 27. Nxf7 g5 28. Nxh6 Kxh6 29. Re6+ Kg7 30. R1e5 Qd8
31. Re7+
1-0

[Event "Team XLink Internal Tournament #3"]
[Site "SchemingMind.com"]
[Date "2007.09.09"]
[Round "-"]
[White "jtrochez1"]
[Black "Chess_Man01"]
[Result "0-1"]
[WhiteCountry "HON"]
[BlackCountry "GBR"]
[WhiteElo "1524"]
[WhiteRD "49"]
[BlackElo "1999"]
[BlackRD "102"]
[GameID "119943"]

1. e4 e6 2. d4 d5 3. e5 a6 4. Nf3 c5 5. c3 Nc6 6. c4 cxd4 7. Nxd4 Nxe5 8. b3 dxc4 9. bxc4 Bb4+ 10. Nd2 Qxd4
11. Rb1 Bxd2+ 12. Qxd2 Qe4+ 13. Kd1 Qxb1 14. Qc2 Qxc2+ 15. Kxc2 Bd7 16. Be2 Rc8 17. Kb3 Ne7 18. Bb2 f6 19. Bxe5 fxe5 20. Bd3 Nf5
21. Bxf5 exf5 22. f3 Kf7 23. Rc1 Rc5 24. h3 Rhc8 25. g4 f4 26. Rc3 Be6
0-1

[Event "Team XLink Internal Tournament #3"]
[Site "SchemingMind.com"]
[Date "2007.09.13"]
[Round "-"]
[White "Lee Shuck"]
[Black "Chess_Man01"]
[Result "0-1"]
[WhiteCountry "ENG"]
[BlackCountry "GBR"]
[WhiteElo "1477"]
[WhiteRD "65"]
[BlackElo "2169"]
[BlackRD "73"]
[GameID "119944"]

1. e4 c5 2. Nc3 d6 3. g3 e6 4. Nge2 Nc6 5. d4 cxd4 6. Nxd4 Nf6 7. Bb5 Qc7 8. Bf4 e5 9. Nxc6 bxc6 10. Nd5 Qa5+
11. Qd2 Qxd2+ 12. Bxd2 cxb5 13. f3 Nxd5 14. exd5 Be7 15. O-O-O Bb7 16. Bb4 O-O 17. Rhe1 a5 18. Bc3 b4 19. Bxe5 dxe5 20. Rxe5 Bd6
21. Re4 Rfe8 22. Rde1 Kf8 23. Kd2 Rxe4 24. Rxe4 Re8 25. Rxe8+ Kxe8
0-1

[Event "Team XLink Internal Tournament #3"]
[Site "SchemingMind.com"]
[Date "2007.09.13"]
[Round "-"]
[White "Wolli"]
[Black "Chess_Man01"]
[Result "0-1"]
[WhiteCountry "GER"]
[BlackCountry "GBR"]
[WhiteElo "1852"]
[WhiteRD "71"]
[BlackElo "2063"]
[BlackRD "89"]
[GameID "119945"]

1. d4 Nf6 2. c4 e6 3. Nf3 d5 4. Nc3 Nbd7 5. Bg5 h6 6. Bh4 dxc4 7. e3 Nb6 8. Bxc4 Nxc4 9. Qa4+ Bd7 10. Qxc4 c6
11. O-O Be7 12. Ne5 Nd5 13. Bxe7 Qxe7 14. Ne4 O-O 15. Nc5 Be8 16. e4 b6 17. Ncd3 Nc7 18. Nxc6 Qd6 19. Rac1 Bxc6 20. Qxc6 Qxd4
21. Rfd1 Na6 22. Rc4 Qf6 23. f3 Rad8 24. Qa4 Nc5 25. Nxc5 b5 26. Rxd8 Rxd8 27. Qxb5 Rd1+ 28. Kf2 Qh4+ 29. Ke3 Qe1+
0-1

[Event "Team XLink Internal Tournament #3"]
[Site "SchemingMind.com"]
[Date "2007.09.10"]
[Round "-"]
[White "AlanM"]
[Black "Chess_Man01"]
[Result "0-1"]
[WhiteCountry "ENG"]
[BlackCountry "GBR"]
[WhiteElo "1357"]
[WhiteRD "103"]
[BlackElo "2063"]
[BlackRD "89"]
[GameID "119946"]

1. Nc3 d5 2. d4 Nf6 3. e3 c5 4. Nf3 e6 5. dxc5 Bxc5 6. Bb5+ Bd7 7. Bd3 Nc6 8. Qe2 Nb4 9. Bb5 O-O 10. a4 Bxb5
11. Nxb5 a6 12. Nc3 Ne4 13. h4 f5 14. h5 Qf6 15. a5 Nxc3 16. Qd2 Ne4 17. Qd1 h6 18. c3 Nc6 19. b4 Qxc3+ 20. Bd2 Nxd2
21. Nxd2 Nxb4 22. Rc1 Nd3+ 23. Ke2 Nxc1+ 24. Kf1 Bb4
0-1